| 000 | 00404nam a2200145 i 4500 | ||
|---|---|---|---|
| 001 | bg | ||
| 100 | 1 | _aBRATKOWSKI, Albin | |
| 245 | 0 |
_aPrzedmiot, zakres i metody badawcze teorii organizacji i zarządzania : _bmateriały szkoleniowe / _cAlbin Bratkowski. |
|
| 260 |
_aWarszawa, _c1974. |
||
| 040 | _cBPK | ||
| 041 | _apol | ||
| 080 | _a65.01 | ||
| 942 | _cKS | ||
| 008 | s pl f |000 0 pol | ||
| 999 |
_c17315 _d17315 |
||
| 856 |
_uhttp://koha.tu.koszalin.pl/cgi-bin/koha/opac-detail.pl?biblionumber=17315 _yKatalog online BPK |
||